000 00758nam a2200217Ii 4500
003 JO-AjNU
008 230606s9999||||xx |||||||||||||| ||und||
020 _a978-0-14-243734-6
040 _aJO-AjNU
_beng
_erda
_cJO-AjNU
041 _aeng
050 1 4 _aPZ3 .J853 1993
100 3 _a Joyce, James ,
_eauthor
_92296
245 0 2 _aA portrait of the artist as a young man
264 3 1 _aAmerican : penging book, 1993
300 _a329p
_bIncludes Bibliographical References, Includes Bibliographical References
336 _atext
_btxt
_2rdacontent
337 _aunmediated
_bn
_2rdamedia
338 _avolume
_bnc
_2rdacarrier
490 0 _aThe Viking Critical Library
650 4 _a Joyce, James, 1882-1941 Portrait of the Artist as a Young Man. 
_92297
999 _aE1201
_c1201
_d1201